| 000 | 00738nam a2200253Ia 4500 | ||
|---|---|---|---|
| 008 | 160303s9999 xx 000 0 und d | ||
| 020 | _a978-971-542-527-8 | ||
| 050 | _aFIL HD 3545 | ||
| 050 | _b.A4M46 2006 | ||
| 100 | _aMendoza, Eugenio V. | ||
| 245 | 4 | _aThe Path to the success of cooperatives / | |
| 245 | _cEugenio V. Mendoza, Eulogio T. Castillo. | ||
| 260 | _aQuezon City: | ||
| 260 | _bThe University of the Philippine Press., | ||
| 260 | _c2006 | ||
| 300 | _a302 pages : | ||
| 300 | _billustrations ; | ||
| 300 | _c23 cm. | ||
| 500 | _aIncludes bibliographical references and index. | ||
| 650 | _aCooperation -- | ||
| 650 | _aCooperatives societies -- | ||
| 650 | _x Philippines. | ||
| 650 | _xPhilippines. | ||
| 999 |
_c291341 _d291341 |
||